000 00779cab a2200241 4500
001 X3732
008 090401t1996 xxu||||| |||| 00| 0 eng d
035 _a(Sirsi) u32416
041 _aeng
245 _aCherwell DC v Von Maltzahn
260 _c1996
350 _a0
490 _aPlanning Appeal Decisions
_v[1996] 11 PAD 545-548(4)
520 _aDecision letter 17 May 1996. The council had refused planning permission for an application to change use of parkland and agricultrual land to a golf course. Appeal dismissed.
650 _aAREA OF HIGH LANDSCAPE VALUE
650 _aCHERWELL DC V VON MALTZAHN
650 _aGOLF COURSES
650 _aPARKLAND
650 _aSHELSWELL PARK
690 _aPLANNING LAW AND PRACTICE
942 _n0
948 _c04/03/1997
999 _c21723
_d21723